|
|
|
|
| LEADER |
00776nz a2200325n 4500 |
| 001 |
000057560 |
| 003 |
SVKKK |
| 005 |
00000000000000.0 |
| 008 |
06 |n|annnnaabn | a|c |
| FMT |
|
|
|
| 040 |
|
|
|a SVKKK
|b slo
|e AACR2
|
| 080 |
|
|
|a 061.236
|
| 080 |
|
|
|a 37
|
| 100 |
1 |
|
|a SAHLHAUSEN, Móric,
|d -1811
|
| 670 |
|
|
|a Uhorskí jakobíni a Košice. In: Historica Carpatica 15/1984
|
| 678 |
0 |
|
|a , zomrel 01.09.1811 Košice. Pedagóg, jakobíni
|
| 680 |
|
|
|a barón
|
| 909 |
|
|
|a SK
|
| 976 |
|
|
|
| 977 |
|
|
|
| 978 |
|
|
|
| 979 |
|
|
|
| 981 |
|
|
|
| 993 |
|
|
|
| 993 |
|
|
|
| 994 |
|
|
|
| 994 |
|
|
|
| 995 |
|
|
|a Eliáš, Štefan
|c Uhorskí jakobíni a Košice. In: Historica Carpatica 15/1984
|d Ke, VV pre Vsl. múzeum 1984, s.159-186
|
| BAS |
|
|
|
| 998 |
|
|
|a REOS
|